Inštitúcie Európskej únie
Vývoj Európskych spoločenstiev. Vývoj inštitúcií Európskej únie. Colná únia. Rozširovanie Európskych spoločenstiev a neskôr EÚ. Eurozóna. Jednotlivé zmluvy. Právne pramene práva Európskej únie (nariadenia, smernice a rozhodnutia). Slovensko a inštitúcie Európskej únie. Vzťahy Národnej rady SR a vlád...
Salvato in:
| Autore principale: | |
|---|---|
| Natura: | Capitolo di libro |
| Lingua: | slovacco |
| Soggetti: | |
| Tags: |
Nessun Tag, puoi essere il primo ad aggiungerne!!
|
MARC
| LEADER | 00000naa$a2200000$$$4500 | ||
|---|---|---|---|
| 001 | 0091150 | ||
| 005 | 20231120113328.9 | ||
| 041 | 0 | |a slo | |
| 044 | |a SK | ||
| 245 | 1 | 0 | |a Inštitúcie Európskej únie |c Vojtech Tkáč |
| 520 | |a Vývoj Európskych spoločenstiev. Vývoj inštitúcií Európskej únie. Colná únia. Rozširovanie Európskych spoločenstiev a neskôr EÚ. Eurozóna. Jednotlivé zmluvy. Právne pramene práva Európskej únie (nariadenia, smernice a rozhodnutia). Slovensko a inštitúcie Európskej únie. Vzťahy Národnej rady SR a vlády SR s inštitúciami EÚ. Právne záväzné akty ES a EÚ. Aktuálne legislatívne pramene. Európske zoskupenie územnej spolupráce. Podpora regionálneho rozvoja. Dôležité adresy. | ||
| 610 | 2 | 0 | |a inštitúcia |
| 610 | 2 | 0 | |a Európske spoločenstvá |
| 610 | 2 | 0 | |a Európska únia |
| 610 | 2 | 0 | |a zmluvy |
| 610 | 2 | 0 | |a legislatíva |
| 610 | 2 | 0 | |a rozvoj regionálny |
| 610 | 2 | 0 | |a Slovensko |
| 100 | 1 | |a Tkáč, Vojtech | |